000 00473nam a2200169 4500
999 _c509648
_d509648
008 190517b ||||| |||| 00| 0 eng d
100 _aAzad, P.
_95745
245 _aLabour market absorption of return migrants in Kerala
260 _c2018
300 _ap.457-481.
650 _aMigrants - India - Kerala
_95746
700 _aSujathan, P.K.
_95747
700 _aMaya, K.
_95748
773 _aIndian Journal of Economics
906 _aLabour market
942 _2ddc
_cAR